Gaming Quiz

Random Gaming or Pokémon Quiz
Score 0/55 Timer 10:00
0 Plays Today
Hint Answer % Correct
Normal/Flying-type from Gen. I?Pidgeot
100%
Normal/Flying-type from Gen. I?Pidgeotto
100%
Normal/Flying-type from Gen. I?Pidgey
100%
Normal/Flying-type from Gen. I?Fearow
98.7%
Normal/Flying-type from Gen. I?Spearow
98.7%
Normal/Flying-type from Gen. I?Dodrio
88.2%
Normal/Flying-type from Gen. I?Doduo
88.2%
Obtainable via in-game trade in Red/Blue/Green/FireRed/LeafGreen?Mr. Mime
81.6%
Name contains a non-alphabetical character?Mr. Mime
81.6%
Gains a new evolution in Gen. VIII?Yamask -> Runerigus
80.3%
Name contains a non-alphabetical character?Porygon2
76.3%
Gains a new evolution in Gen. VIII?Meowth -> Perrserker
70.6%
Gains a new evolution in Gen. VIII?Mr. Mime -> Mr. Rime
70.6%
Name contains a non-alphabetical character?Porygon-Z
69.7%
Has an associated held item?*Chansey
64.5%
Name contains a non-alphabetical character?Nidoran♀
61.8%
Name contains a non-alphabetical character?Nidoran♂
61.8%
Name contains a non-alphabetical character?Mime Jr.
61.8%
Obtainable via in-game trade in Red/Blue/Green/FireRed/LeafGreen?Nidoran♀ (Red (Japanese version), Blue, and LeafGreen only)
61.8%
Obtainable via in-game trade in Red/Blue/Green/FireRed/LeafGreen?Nidoran♂ (Red (International versions), Green, and LeafGreen only)
61.8%
Name contains a non-alphabetical character?Type: Null
59.2%
Name contains a non-alphabetical character?Ho-oh
57.9%
Able to learn First Impression?Golisopod
56.6%
Has an associated held item?*Pikachu
55.3%
Has an associated held item?*Marowak
55.3%
Obtainable via in-game trade in Red/Blue/Green/FireRed/LeafGreen?Jynx
55.3%
Gains a new evolution in Gen. VIII?Corsola -> Cursola
52.9%
Name contains a non-alphabetical character?Jangmo-o
52.6%
Hint Answer % Correct
Name contains a non-alphabetical character?Kommo-o
51.3%
Has an associated held item?*Cubone
50%
Name contains a non-alphabetical character?Hakamo-o
48.7%
Gains a new evolution in Gen. VIII?Linoone -> Obstagoon
47.1%
Able to learn First Impression?Sirfetch'd
47.1%
Has an associated held item?*Ditto
43.4%
Obtainable via in-game trade in Red/Blue/Green/FireRed/LeafGreen?Nidorina (Red, Blue, Green, and FireRed only)
40.8%
Obtainable via in-game trade in Red/Blue/Green/FireRed/LeafGreen?Nidorino (LeafGreen only)
39.5%
Obtainable via in-game trade in Red/Blue/Green/FireRed/LeafGreen?Lickitung
39.5%
Has an associated held item?*Latios
36.8%
Has an associated held item?*Latias
36.8%
Name contains a non-alphabetical character?Sirfetch'd
36.8%
Has an associated held item?*Palkia
32.9%
Has an associated held item?*Dialga
32.9%
Has an associated held item?*Giratina
32.9%
Obtainable via in-game trade in Red/Blue/Green/FireRed/LeafGreen?Electrode
32.9%
Obtainable via in-game trade in Red/Blue/Green/FireRed/LeafGreen?Tangela
32.9%
Has an associated held item?*Clamperl
23.7%
Obtainable via in-game trade in Red/Blue/Green/FireRed/LeafGreen?Seel
19.7%
Able to learn First Impression?Falinks
11.8%
Able to learn First Impression?Durant
11.8%
Able to learn First Impression?Axew
5.9%
Able to learn First Impression?Haxorus
5.9%
Able to learn First Impression?Fraxure
5.9%
Able to learn First Impression?Trapinch
0%
Able to learn First Impression?Flygon
0%
Able to learn First Impression?Vibrava
0%
Remove Ads.
Support Sporcle.
Get the best of Sporcle when you Go Orange. This ad-free experience offers more features, more stats, and more fun while also helping to support Sporcle. Thank you for becoming a member.

You're not logged in!

Compare scores with friends on all Sporcle quizzes.
OR
Log In

Show Comments

Extras

Top Quizzes Today


Score Distribution

Your Account Isn't Verified!

In order to create a playlist on Sporcle, you need to verify the email address you used during registration. Go to your Sporcle Settings to finish the process.

Report this User

Report this user for behavior that violates our Community Guidelines.

Details: